<?xml version="1.0" encoding="UTF-8"?>
<marc:record xmlns:marc="http://www.loc.gov/MARC21/slim">
   <marc:leader>00000nam a2200000 a 4500</marc:leader>
   <marc:datafield ind1="1" ind2=" " tag="100">
      <marc:subfield code="a">Wilms, Regine</marc:subfield>
      <marc:subfield code="4">aut</marc:subfield>
      <marc:subfield code="e">Verfasser/-in</marc:subfield>
   </marc:datafield>
   <marc:datafield ind1=" " ind2=" " tag="653">
      <marc:subfield code="a">Sucht</marc:subfield>
   </marc:datafield>
   <marc:datafield ind1=" " ind2=" " tag="653">
      <marc:subfield code="a">Ergotherapie</marc:subfield>
   </marc:datafield>
   <marc:datafield ind1=" " ind2=" " tag="653">
      <marc:subfield code="a">Softcover</marc:subfield>
   </marc:datafield>
   <marc:datafield ind1=" " ind2=" " tag="653">
      <marc:subfield code="a">Karte</marc:subfield>
   </marc:datafield>
   <marc:datafield ind1="0" ind2="0" tag="245">
      <marc:subfield code="a">Ergotherapie mit suchtkranken Menschen</marc:subfield>
   </marc:datafield>
   <marc:datafield ind1="0" ind2="0" tag="245">
      <marc:subfield code="c">Regine Wilms</marc:subfield>
   </marc:datafield>
   <marc:datafield ind1=" " ind2="1" tag="264">
      <marc:subfield code="a">Idstein</marc:subfield>
      <marc:subfield code="b">Schulz-Kirchner</marc:subfield>
      <marc:subfield code="c">2005</marc:subfield>
   </marc:datafield>
   <marc:datafield ind1="1" ind2=" " tag="490">
      <marc:subfield code="a">Neue Reihe Ergotherapie : Reihe 1, Fachbereich Psychiatrie</marc:subfield>
      <marc:subfield code="v">Bd. 8</marc:subfield>
   </marc:datafield>
   <marc:datafield ind1=" " ind2=" " tag="250">
      <marc:subfield code="a">1. Aufl.</marc:subfield>
   </marc:datafield>
   <marc:datafield ind1="1" ind2=" " tag="520">
      <marc:subfield code="a">Um suchtkranke Menschen zu behandeln, bedarf es eines komplexen Hilfesystems, das ein breit gefächertes Angebot als Hilfe zum Ausstieg bereithält. Ergotherapie kann als handlungsorientierter Behandlungsansatz hierbei einen wesentlichen Beitrag leisten. Die Autorin beschreibt den Arbeitsansatz der Ergotherapie anhand ihrer Arbeit in der Fachklinik Bokholt. Neben der Darstellung des Krankheitsbildes und der gravierenden Auswirkungen der Suchterkrankung befasst sie sich vor allen Dingen damit, wie die Wiederherstellung der Arbeitsfähigkeit in der Ergotherapie unterstützt werden kann. Dabei spielen psychosoziale Behandlungsverfahren, insbesondere die ausdruckszentrierte Methode, ebenso wie arbeitsrehabilitative Vorgehensweisen eine wichtige Rolle. Der Weg aus der Behandlung in die berufliche (Re-) Integration wird ausführlich dargestellt. Fallbeispiele runden das Buch ab und verdeutlichen das indikative und ressourcenorientierte Konzept der Autorin.</marc:subfield>
   </marc:datafield>
   <marc:datafield ind1=" " ind2=" " tag="020">
      <marc:subfield code="a">9783824804702</marc:subfield>
      <marc:subfield code="9">9783824804702</marc:subfield>
   </marc:datafield>
   <marc:datafield ind1=" " ind2=" " tag="020">
      <marc:subfield code="a">3824804700</marc:subfield>
      <marc:subfield code="9">3824804700</marc:subfield>
   </marc:datafield>
   <marc:datafield ind1=" " ind2=" " tag="041">
      <marc:subfield code="a">ger</marc:subfield>
   </marc:datafield>
   <marc:datafield ind1=" " ind2=" " tag="300">
      <marc:subfield code="a">192 S.</marc:subfield>
   </marc:datafield>
</marc:record>
